[Event "Hannover Bezirks-ch A"]
[Site "Lehrte"]
[Date "2019.10.04"]
[Round "4.8"]
[White "Zoch, Werner"]
[Black "Kubicki, Ulrich"]
[Result "1-0"]
[WhiteElo "1884"]
[BlackElo "1901"]
[PlyCount "43"]
[EventDate "2019.10.03"]
[EventType "swiss"]
[EventRounds "7"]
[EventCountry "GER"]
[SourceTitle "EXT 2023"]
[Source "ChessBase"]
[SourceDate "2022.10.05"]
[SourceVersion "1"]
[SourceVersionDate "2022.10.05"]
[SourceQuality "1"]

1. e4 e5 2. Nf3 Nc6 3. Bb5 a6 4. Ba4 Nf6 5. 0-0 Be7 6. Re1 b5 7. Bb3 0-0 8. h3 d6 9. c3 Na5 10. Bc2 c5 11. d4 Qc7 12. Nbd2 Re8 13. Nf1 h6 14. Ng3 Bf8 15. b3 g6 16. Be3 Bd7 17. Qd2 Kh7 18. Rac1 c4 19. b4 Nb7 20. Ra1 a5 21. a3 Ra7 22. dxe5 1-0

[Event "Hannover Bezirk-ch A"]
[Site "Hannover"]
[Date "2018.10.05"]
[Round "4.7"]
[White "Kubicki, Ulrich"]
[Black "Kiesel, Lucas"]
[Result "1/2-1/2"]
[WhiteElo "1960"]
[BlackElo "1948"]
[PlyCount "96"]
[EventDate "2018.10.04"]
[EventType "swiss"]
[EventRounds "7"]
[EventCountry "GER"]
[SourceTitle "EXT 2022"]
[Source "ChessBase"]
[SourceDate "2021.10.06"]
[SourceVersion "1"]
[SourceVersionDate "2021.10.06"]
[SourceQuality "1"]

1. e4 e6 2. d4 d5 3. e5 c5 4. c3 Qb6 5. Nf3 Nc6 6. a3 cxd4 7. cxd4 Nh6 8. Bd3 Nf5 9. Bc2 Nfxd4 10. Nxd4 Qxd4 11. f4 Qxd1+ 12. Bxd1 Bc5 13. Nc3 0-0 14. b4 Bd4 15. Bb2 f6 16. exf6 Rxf6 17. Rf1 e5 18. fxe5 Rxf1+ 19. Kxf1 Nxe5 20. Be2 Ng4 21. Ke1 Be6 22. Kd2 Ne3 23. Kd3 Bb6 24. Re1 Rc8 25. Rc1 Nxg2 26. Bf3 Bf5+ 27. Ke2 Nf4+ 28. Kd2 Re8 29. Rf1 Be3+ 30. Kd1 Bd3 31. Re1 d4 32. Nd5 Nxd5 33. Bxd5+ Kf8 34. Bxb7 Re7 35. Bc6 Rc7 36. b5 g5 37. a4 h5 38. Bxd4 Bxd4 39. Re8+ Kf7 40. Rd8 Be5 41. Rxd3 Bxh2 42. Rh3 Bf4 43. Rxh5 Ke6 44. Rh6+ Ke5 45. Rg6 Kd4 46. Kc2 Kc4 47. Re6 Rh7 48. Re4+ Kc5 1/2-1/2

[Event "Hannover-chA"]
[Site "Lehrte"]
[Date "2016.10.03"]
[Round "5"]
[White "Meric, Geoffrey"]
[Black "Kubicki, Ulrich"]
[Result "0-1"]
[WhiteElo "1802"]
[BlackElo "1896"]
[PlyCount "68"]
[EventDate "2016.10.01"]
[EventType "swiss"]
[EventRounds "7"]
[EventCountry "GER"]
[SourceTitle "EXT 2020"]
[Source "ChessBase"]
[SourceDate "2019.10.17"]
[SourceVersion "1"]
[SourceVersionDate "2019.10.17"]
[SourceQuality "1"]

1. e4 e5 2. Nf3 Nc6 3. Bb5 a6 4. Ba4 Nf6 5. d3 b5 6. Bb3 Be7 7. c3 d5 8. exd5 Nxd5 9. 0-0 0-0 10. Re1 Nf6 11. Nxe5 Nxe5 12. Rxe5 Bd6 13. Re1 Ng4 14. h3 Qh4 15. Qf3 Nxf2 16. Qxf2 Bh2+ 17. Kf1 Bg3 18. Qxf7+ Rxf7+ 19. Bxf7+ Kxf7 20. Re4 Qf6+ 21. Ke2 Qf2+ 22. Kd1 Bb7 23. Nd2 Bxe4 24. Nxe4 Qxg2 25. Bd2 Qf1+ 26. Kc2 Qxa1 27. Nxg3 Re8 28. Ne4 Rxe4 29. dxe4 Qh1 30. Kd3 Qxh3+ 31. Kd4 Qd7+ 32. Ke3 c5 33. a4 c4 34. axb5 Qd3+ 0-1

[Event "Hannover-chA"]
[Site "Lehrte"]
[Date "2016.10.02"]
[Round "4"]
[White "Kubicki, Ulrich"]
[Black "Polnau, Manuel"]
[Result "0-1"]
[WhiteElo "1896"]
[BlackElo "2021"]
[PlyCount "106"]
[EventDate "2016.10.01"]
[EventType "swiss"]
[EventRounds "7"]
[EventCountry "GER"]
[SourceTitle "EXT 2020"]
[Source "ChessBase"]
[SourceDate "2019.10.17"]
[SourceVersion "1"]
[SourceVersionDate "2019.10.17"]
[SourceQuality "1"]

1. e4 e6 2. d4 d5 3. e5 c5 4. c3 Qb6 5. Nf3 Nc6 6. a3 Nh6 7. b4 cxd4 8. cxd4 Nf5 9. Bb2 Bd7 10. g4 Nh6 11. h3 Rc8 12. Nc3 Na5 13. Na4 Qc6 14. b5 Qc2 15. Qxc2 Rxc2 16. Bd3 Rc8 17. Ke2 Nc4 18. Bxc4 Rxc4 19. Nc3 Be7 20. Kd3 0-0 21. Rhc1 f6 22. exf6 gxf6 23. Re1 Nf7 24. Nd2 Rcc8 25. f4 Nd6 26. a4 Kf7 27. Ba3 Rg8 28. Re3 Bf8 29. Rf3 h6 30. Ne2 f5 31. gxf5 Nxf5 32. Bxf8 Kxf8 33. Rff1 Ke7 34. Rg1 a6 35. Nc3 axb5 36. axb5 Nd6 37. b6 Bb5+ 38. Nxb5 Nxb5 39. Rab1 Rc3+ 40. Ke2 Nxd4+ 41. Kf2 Rxg1 42. Rxg1 Rc2 43. Rg7+ Kf6 44. Rxb7 Rxd2+ 45. Ke3 Nb3 46. Rc7 Rb2 47. Rh7 Na5 48. Rxh6+ Kf5 49. Rh5+ Kg6 50. Rg5+ Kf6 51. h4 Rxb6 52. h5 Rb3+ 53. Kd4 Rb4+ 0-1

[Event "Hannover-chA"]
[Site "Lehrte"]
[Date "2016.10.01"]
[Round "1"]
[White "Eilert, Marius"]
[Black "Kubicki, Ulrich"]
[Result "0-1"]
[WhiteElo "1923"]
[BlackElo "1896"]
[PlyCount "74"]
[EventDate "2016.10.01"]
[EventType "swiss"]
[EventRounds "7"]
[EventCountry "GER"]
[SourceTitle "EXT 2020"]
[Source "ChessBase"]
[SourceDate "2019.10.17"]
[SourceVersion "1"]
[SourceVersionDate "2019.10.17"]
[SourceQuality "1"]

1. Nf3 d5 2. d4 Nf6 3. c4 e6 4. Nc3 Be7 5. Bf4 0-0 6. h3 a6 7. e3 dxc4 8. Bxc4 b5 9. Bd3 c5 10. Rc1 c4 11. Bb1 Bb7 12. 0-0 Nbd7 13. Nd2 Qb6 14. Qe2 Rfd8 15. Rfd1 Rac8 16. e4 Qxd4 17. Nf3 Qa7 18. e5 Nd5 19. Bh2 Nxc3 20. Rxc3 Nf8 21. Nd2 Rd7 22. Ne4 Rxd1+ 23. Qxd1 Bxe4 24. Bxe4 Rd8 25. Qe2 Qd4 26. Bg3 Bb4 27. Rc2 Qd1+ 28. Kh2 Qxe2 29. Rxe2 Nd7 30. f4 Nc5 31. Bf3 Rd2 32. Kg1 Nd3 33. Rxd2 Bxd2 34. Kf1 Nxb2 35. Ke2 c3 36. Bb7 Nc4 37. Bxa6 c2 0-1